000 00869nam a2200205Ia 4500
008 0000001981 fr a 0000000000fre00
020 _a2858500649
090 _aPUS00 C66w
100 1 _aCopley, William N.
_d1919
245 1 0 _aWilliam N. Copley
300 _a99 p.
_c/ 30 cm.
500 _aExposición realizada en el Musée National d'Art Moderne Centre Georges Pompidou, Paris, Noviembre 26, 1980 Enero 11, 1981 \ Texto en alemán y francés \ Con el patronazgo del maestro venezolano Jesús Rafael Soto (q.e.p.d.) \
600 0 0 _aCOPLEY, WILLIAM N., 1919/
_xTRABAJOS PICTORICOS
650 1 4 _aARTE CONTEMPORANEO ESTADOUNIDENSE
650 1 4 _xCATALOGOS
650 1 4 _xEXPOSICIONES
650 1 4 _aPINTORES ESTADOUNIDENSES
650 1 4 _aPINTURA ESTADOUNIDENSE
999 _c7159
_d7159
260 _aParis : Musee National d ́art Moderne, Centre Georges Pompidou
_c1981